<?xml version="1.0" encoding="UTF-8"?><?xml-stylesheet type="text/xsl" href="static/style.xsl"?><OAI-PMH xmlns="http://www.openarchives.org/OAI/2.0/" xmlns:xsi="http://www.w3.org/2001/XMLSchema-instance" xsi:schemaLocation="http://www.openarchives.org/OAI/2.0/ http://www.openarchives.org/OAI/2.0/OAI-PMH.xsd"><responseDate>2026-06-01T11:55:29Z</responseDate><request verb="GetRecord" identifier="oai:riuma.uma.es:10630/6419" metadataPrefix="marc">https://riuma.uma.es/rest/oai/request</request><GetRecord><record><header><identifier>oai:riuma.uma.es:10630/6419</identifier><datestamp>2026-02-03T12:52:57Z</datestamp><setSpec>com_10630_5701</setSpec><setSpec>com_10630_3139</setSpec><setSpec>com_10630_10</setSpec><setSpec>col_10630_6408</setSpec></header><metadata><record xmlns="http://www.loc.gov/MARC21/slim" xmlns:dcterms="http://purl.org/dc/terms/" xmlns:doc="http://www.lyncode.com/xoai" xmlns:xsi="http://www.w3.org/2001/XMLSchema-instance" xsi:schemaLocation="http://www.loc.gov/MARC21/slim http://www.loc.gov/standards/marcxml/schema/MARC21slim.xsd">
   <leader>00925njm 22002777a 4500</leader>
   <datafield ind2=" " ind1=" " tag="042">
      <subfield code="a">dc</subfield>
   </datafield>
   <datafield ind2=" " ind1=" " tag="720">
      <subfield code="a">Sánchez-Jiménez, Francisco</subfield>
      <subfield code="e">author</subfield>
   </datafield>
   <datafield ind2=" " ind1=" " tag="260">
      <subfield code="c">2011</subfield>
   </datafield>
   <datafield ind2=" " ind1=" " tag="520">
      <subfield code="a">La revisión de la mitología de Heracles realizada por Heródoto se plantea en términos bien distintos a las propuestas racionalizadoras del arcaismo milesio. Encuentra sus raíces en la profunda religosidad herodotea, toma cuerpo en su experiencia egipcia y adquiere su alcance definitivo en el marco de las transformaciones de la mentalidad aristocrática que se producen en el contexto cultural de la Pentecontecia.</subfield>
   </datafield>
   <datafield ind2=" " ind1=" " tag="520">
      <subfield code="a">The revision of Heraclian mythology as proposed by Herodotus is described very differently when compared with the rationalizing proposals of Milesian archaism. It finds its roots in the profound Herodotean religion, takes form through its Egyptian experience and obtains its definitive shape under the transformations of the aristocratic mentality that were produced within the cultural context of the Pentecontaetia</subfield>
   </datafield>
   <datafield ind1="8" ind2=" " tag="024">
      <subfield code="a">SÁCHEZ JIMÉNEZ, FRANCISCO "Heracles en Heródoto : una aproximación al tratamiento de la figura del héroe en el historiador de Halicarnaso" Baética, 33, 2011, 193-202</subfield>
   </datafield>
   <datafield ind1="8" ind2=" " tag="024">
      <subfield code="a">0210-9506</subfield>
   </datafield>
   <datafield ind1="8" ind2=" " tag="024">
      <subfield code="a">http://hdl.handle.net/10630/6419</subfield>
   </datafield>
   <datafield tag="653" ind2=" " ind1=" ">
      <subfield code="a">Heracles (Personaje mitológico)</subfield>
   </datafield>
   <datafield ind2="0" ind1="0" tag="245">
      <subfield code="a">Heracles en Heródoto : una aproximación al tratamiento de la figura del héroe en el historiador de Halicarnaso</subfield>
   </datafield>
</record>
</metadata></record></GetRecord></OAI-PMH>